[Event "Battle on the 8^2"]
[Site "SchemingMind.com"]
[Date "2013.06.21"]
[Round "-"]
[White "erobeno"]
[Black "tyler_ensor"]
[Result "1-0"]
[WhiteCountry "TUR"]
[BlackCountry "CAN"]
[WhiteElo "2039"]
[WhiteRD "64"]
[BlackElo "1822"]
[BlackRD "69"]
[GameID "333502"]

1. c4 e5 2. Nc3 Nf6 3. Nf3 Nc6 4. e4 Bc5 5. Be2 d6 6. d3 h6 7. O-O O-O 8. Be3 Bg4 9. h3 Be6 10. Bxc5 dxc5
11. a3 a6 12. Nd5 Re8 13. b4 Bxd5 14. cxd5 Nd4 15. bxc5 Nb5 16. Qb3 Nd7 17. Rfc1 Qe7 18. c6 bxc6 19. Rxc6 Nd6 20. Rxc7
1-0

[Event "Battle on the 8^2"]
[Site "SchemingMind.com"]
[Date "2013.06.21"]
[Round "-"]
[White "tyler_ensor"]
[Black "erobeno"]
[Result "0-1"]
[WhiteCountry "CAN"]
[BlackCountry "TUR"]
[WhiteElo "1985"]
[WhiteRD "79"]
[BlackElo "2032"]
[BlackRD "60"]
[GameID "333503"]

1. d4 d5 2. c4 e6 3. Nc3 c6 4. e4 dxe4 5. Nxe4 Bb4+ 6. Bd2 Qxd4 7. Bxb4 Qxe4+ 8. Be2 Qxg2 9. Bf3 Qg5 10. Ne2 Qf6
11. Qd6 Nd7 12. Bg4 Nh6 13. Bh3 Ne5 14. Bc3 Nf3+ 15. Kf1 e5 16. Bxc8 Qxd6
0-1

[Event "Battle on the 8^2"]
[Site "SchemingMind.com"]
[Date "2013.06.21"]
[Round "-"]
[White "Derek Price"]
[Black "tyler_ensor"]
[Result "1-0"]
[WhiteCountry "ENG"]
[BlackCountry "CAN"]
[WhiteElo "2356"]
[WhiteRD "81"]
[BlackElo "1822"]
[BlackRD "69"]
[GameID "333523"]

1. d4 Nf6 2. c4 e6 3. g3 Bb4+ 4. Bd2 Qe7 5. Bg2 Nc6 6. e3 O-O 7. Ne2 Bxd2+ 8. Qxd2 Rd8 9. Nbc3 d6 10. O-O Na5
11. b3 c5 12. Rad1 cxd4 13. Nxd4 Rb8 14. Nce2 Qc7 15. Nb5 Qb6 16. Nxd6 Ne8 17. Qc3 Nxd6 18. c5 Qa6 19. Rxd6
1-0

[Event "Battle on the 8^2"]
[Site "SchemingMind.com"]
[Date "2013.06.21"]
[Round "-"]
[White "Derek Price"]
[Black "erobeno"]
[Result "1-0"]
[WhiteCountry "ENG"]
[BlackCountry "TUR"]
[WhiteElo "2289"]
[WhiteRD "84"]
[BlackElo "1977"]
[BlackRD "62"]
[GameID "333524"]

1. d4 Nf6 2. c4 e6 3. g3 c5 4. Nf3 cxd4 5. Nxd4 Qa5+ 6. Nd2 Nc6 7. Nb3 Qf5 8. Bg2 Be7 9. O-O O-O 10. Nf3 e5
11. Bd2 Rd8 12. Rc1 h6 13. Nh4 Qe6 14. e4 b6 15. Nf5 Ba6 16. Qe2 Rac8 17. Bh3 Rc7 18. Nxh6+ gxh6 19. Bxe6 dxe6 20. Bxh6 Nb4
21. Rfd1 Rxd1+ 22. Qxd1 Nxa2 23. Ra1 Nb4 24. Bd2 Rd7 25. Qe2 Rc7 26. Bxb4 Bxc4 27. Qe1 Bxb4 28. Qxb4 Nxe4 29. Nd2
1-0

[Event "Battle on the 8^2"]
[Site "SchemingMind.com"]
[Date "2013.06.22"]
[Round "-"]
[White "tyler_ensor"]
[Black "Derek Price"]
[Result "0-1"]
[WhiteCountry "CAN"]
[BlackCountry "ENG"]
[WhiteElo "1822"]
[WhiteRD "69"]
[BlackElo "2356"]
[BlackRD "81"]
[GameID "333525"]

1. d4 d5 2. c4 c6 3. Nf3 Nf6 4. e3 e6 5. b3 Nbd7 6. Nbd2 b6 7. Bb2 Bb7 8. Bd3 Be7 9. O-O O-O 10. Rc1 Rc8
11. Qe2 c5 12. Rfd1 cxd4 13. exd4 dxc4 14. bxc4 Qc7 15. Ng5 Qf4 16. Nge4 Nxe4 17. Bxe4 Bxe4 18. Nxe4 Nf6
0-1

[Event "Battle on the 8^2"]
[Site "SchemingMind.com"]
[Date "2013.06.21"]
[Round "-"]
[White "erobeno"]
[Black "Derek Price"]
[Result "0-1"]
[WhiteCountry "TUR"]
[BlackCountry "ENG"]
[WhiteElo "2032"]
[WhiteRD "60"]
[BlackElo "2333"]
[BlackRD "79"]
[GameID "333526"]

1. e4 c5 2. Nf3 d6 3. Nc3 a6 4. d4 cxd4 5. Qxd4 Nc6 6. Qd1 Nf6 7. h3 e6 8. Bd3 Be7 9. O-O O-O 10. Be3 b5
11. a3 Bb7 12. Qd2 Qc7 13. Rad1 Rad8 14. Qe2 Nd7 15. Bf4 h6 16. h4 Nc5 17. Bg3 Bf6 18. Qe3 Bxc3 19. bxc3 Ne5 20. Nxe5 dxe5
21. f4 exf4 22. Bxf4 e5 23. Bg3 Rd7 24. c4 Rfd8 25. cxb5 axb5 26. Rc1 Rd4 27. Bxb5 Nxe4 28. Be1 Nf6 29. a4 Nd5 30. Qb3 Nf4
31. Rf2 Bxg2 32. Rxg2 Nxg2 33. Kxg2 Qb7+ 34. Kg1 Rg4+ 35. Bg3 Rd2 36. Be2 Qe4 37. Re1 Rxe2 38. Rxe2 Qxe2 39. a5 g5 40. hxg5 h5
0-1

[Event "Battle on the 8^2"]
[Site "SchemingMind.com"]
[Date "2013.06.23"]
[Round "-"]
[White "rookie31"]
[Black "Derek Price"]
[Result "0-1"]
[WhiteCountry "IND"]
[BlackCountry "ENG"]
[WhiteElo "2090"]
[WhiteRD "65"]
[BlackElo "2333"]
[BlackRD "79"]
[GameID "333597"]

1. d4 d5 2. c4 c6 3. Nf3 Nf6 4. Nc3 e6 5. e3 Nbd7 6. Be2 Bd6 7. O-O O-O 8. b3 b6 9. Bb2 Bb7 10. Qc2 Qe7
11. Rfd1 Rad8 12. cxd5 exd5 13. Nh4 g6 14. Nf3 a6 15. a3 Rfe8 16. Rdc1 c5 17. dxc5 bxc5 18. b4 c4 19. Nd4 Nf8 20. Rd1 Ne6
21. Nf3 Bc6 22. Rac1 Bc7 23. Rd2 Rd7 24. Rcd1 Red8 25. Ba1 h6 26. Bb2 Ng5 27. Rc1 Nge4 28. Nxe4 Nxe4 29. Rdd1 Re8 30. Bd3 Kh7
31. Bf1 a5 32. Nd4 axb4 33. axb4 Bb7 34. b5 Qc5 35. Rb1 Be5 36. Nf3 Bxb2 37. Rxb2 Ra8 38. Nd4 Rd6 39. Be2 Ra3 40. Rc1 Rb6
41. Bg4 Bc8 42. Bxc8 Qxc8 43. Ra2 Qc5 44. Qb2 Rd3 45. h3 Qd6 46. Qa1 Rb7 47. Rcc2 Qe5 48. Rc1 h5 49. Rf1 Qe7 50. Ra8 c3
51. Rc8 Ra7
0-1

[Event "Battle on the 8^2"]
[Site "SchemingMind.com"]
[Date "2013.06.22"]
[Round "-"]
[White "rookie31"]
[Black "tyler_ensor"]
[Result "1-0"]
[WhiteCountry "IND"]
[BlackCountry "CAN"]
[WhiteElo "2137"]
[WhiteRD "64"]
[BlackElo "1822"]
[BlackRD "69"]
[GameID "333598"]

1. d4 d5 2. c4 e6 3. Nc3 Nf6 4. Nf3 c5 5. cxd5 Nxd5 6. e4 Nxc3 7. bxc3 cxd4 8. cxd4 Bb4+ 9. Bd2 Bxd2+ 10. Qxd2 O-O
11. Rc1 Nc6 12. Bb5 Bd7 13. O-O Ne5 14. Be2 Nxf3+ 15. Bxf3 Bb5 16. Rfd1 Ba4 17. Re1 Qd7 18. d5 exd5 19. exd5 Rad8 20. Qf4 Rfe8
21. Rf1
1-0

[Event "Battle on the 8^2"]
[Site "SchemingMind.com"]
[Date "2013.06.22"]
[Round "-"]
[White "rookie31"]
[Black "erobeno"]
[Result "0-1"]
[WhiteCountry "IND"]
[BlackCountry "TUR"]
[WhiteElo "2141"]
[WhiteRD "66"]
[BlackElo "1977"]
[BlackRD "62"]
[GameID "333599"]

1. d4 Nf6 2. c4 g6 3. g3 Bg7 4. Bg2 O-O 5. Nf3 c5 6. d5 Qa5+ 7. Bd2 Qa6 8. Qb3 Ne4 9. Bf4 d6 10. O-O Qb6
11. Bc1 Na6 12. Qxb6 axb6 13. Ne1 f5 14. f3 Nf6 15. Nc3 Bd7 16. Nd3 Nc7 17. Bf4 b5
0-1

[Event "Battle on the 8^2"]
[Site "SchemingMind.com"]
[Date "2013.06.23"]
[Round "-"]
[White "Derek Price"]
[Black "rookie31"]
[Result "1-0"]
[WhiteCountry "ENG"]
[BlackCountry "IND"]
[WhiteElo "2289"]
[WhiteRD "84"]
[BlackElo "2141"]
[BlackRD "66"]
[GameID "333600"]

1. d4 d5 2. c4 c6 3. Nf3 Nf6 4. e3 e6 5. Bd3 Bd6 6. Nbd2 Nbd7 7. O-O O-O 8. e4 dxe4 9. Nxe4 Nxe4 10. Bxe4 Qc7
11. b3 b6 12. Bb2 Bb7 13. Re1 Nf6 14. Bc2 Rfd8 15. Qd3 Rac8 16. Rad1 h6 17. h3 b5 18. Ne5 Kf8 19. Qg3 c5 20. d5 exd5
21. cxd5 Re8 22. f4 Rcd8 23. Bf5 Re7 24. Nd7+
1-0

[Event "Battle on the 8^2"]
[Site "SchemingMind.com"]
[Date "2013.06.23"]
[Round "-"]
[White "tyler_ensor"]
[Black "rookie31"]
[Result "0-1"]
[WhiteCountry "CAN"]
[BlackCountry "IND"]
[WhiteElo "1822"]
[WhiteRD "69"]
[BlackElo "2137"]
[BlackRD "64"]
[GameID "333601"]

1. d4 Nf6 2. c4 e6 3. Nc3 d5 4. Bg5 Nbd7 5. e3 Be7 6. Nf3 c6 7. Rc1 h6 8. Bh4 O-O 9. Bd3 dxc4 10. Bxc4 b5
11. Bd3 a6 12. O-O c5 13. a4 bxa4 14. Nxa4 cxd4 15. Nxd4 Bb7 16. Nc6 Bxc6 17. Rxc6 Ne5 18. Rc3 Nd5 19. Bxe7 Nxc3 20. Bxd8 Nxd1
21. Rxd1 Rfxd8
0-1

[Event "Battle on the 8^2"]
[Site "SchemingMind.com"]
[Date "2013.06.22"]
[Round "-"]
[White "erobeno"]
[Black "rookie31"]
[Result "0-1"]
[WhiteCountry "TUR"]
[BlackCountry "IND"]
[WhiteElo "1977"]
[WhiteRD "62"]
[BlackElo "2141"]
[BlackRD "66"]
[GameID "333602"]

1. e4 c6 2. d4 d5 3. Nc3 dxe4 4. Nxe4 Bf5 5. Ng3 Bg6 6. Nf3 e6 7. Ne5 Nd7 8. Nxg6 hxg6 9. Bd3 Ngf6 10. O-O Bd6
11. Qf3 Qb6 12. c3 e5 13. b3 exd4 14. Bf4 Bxf4 15. Qxf4 dxc3 16. Rfe1+ Kd8 17. Ne4 Qc7 18. Nd6 Nb6 19. Rad1 Nbd5 20. Qe5 Ne8
21. Nc4 Qxe5 22. Nxe5 Rf8 23. b4 Kc7 24. a3 Nef6 25. b5 cxb5 26. Bxb5 Kd6 27. Ba4 Rac8 28. f4 a6 29. Bc2 b5 30. g4 a5
31. Rd3 Rc7 32. h4 Rc5 33. Rd4 Nd7 34. Bb3 Nb6 35. Kf2 c2 36. Rc1 Rc3 37. Nd7 Kxd7 38. Bxd5 Ke7 39. Be4 Rfc8 40. Bd3 b4
41. axb4 axb4 42. Ba6 Ra8 43. Bb7 Rb8 44. Rxb4 Rxb7 45. Rb2 Kd6 46. g5 Rc6 47. Rbxc2 Rxc2+ 48. Rxc2 Rc7 49. Rd2+ Ke6 50. Rd8 Kf5
51. Rg8 f6 52. gxf6 gxf6 53. Rd8 Rc2+ 54. Kf3 Rc3+ 55. Ke2 Rh3
0-1

[Event "Battle on the 8^2"]
[Site "SchemingMind.com"]
[Date "2013.06.27"]
[Round "-"]
[White "Scooter"]
[Black "Derek Price"]
[Result "0-1"]
[WhiteCountry "USA"]
[BlackCountry "ENG"]
[WhiteElo "1756"]
[WhiteRD "49"]
[BlackElo "2289"]
[BlackRD "84"]
[GameID "333733"]

1. d4 d5 2. Nf3 Nf6 3. Bf4 c5 4. c3 Nc6 5. e3 Qb6 6. Qb3 c4 7. Qxb6 axb6 8. Nbd2 b5 9. Be2 Bf5 10. O-O b4
11. Ne5 bxc3 12. bxc3 e6 13. h3 Ba3 14. Bg4 Nxe5 15. Bxe5 Nxg4 16. hxg4 Bd3
0-1

[Event "Battle on the 8^2"]
[Site "SchemingMind.com"]
[Date "2013.06.27"]
[Round "-"]
[White "Scooter"]
[Black "tyler_ensor"]
[Result "1-0"]
[WhiteCountry "USA"]
[BlackCountry "CAN"]
[WhiteElo "1747"]
[WhiteRD "50"]
[BlackElo "1822"]
[BlackRD "69"]
[GameID "333734"]

1. d4 Nf6 2. Nf3 e6 3. Bg5 c5 4. e3 Be7 5. Nbd2 b6 6. c3 Bb7 7. Be2 d5 8. O-O O-O 9. Re1 Nbd7 10. Ne5 Rc8
11. Ndf3 Ne4 12. Bxe7 Qxe7 13. Bd3 f5 14. Nxd7 Qxd7 15. Ne5 Qe8 16. Bxe4 fxe4 17. Rf1 Rf5 18. a4 Ba6 19. Re1 Qf8 20. f4
1-0

[Event "Battle on the 8^2"]
[Site "SchemingMind.com"]
[Date "2013.06.27"]
[Round "-"]
[White "Scooter"]
[Black "rookie31"]
[Result "0-1"]
[WhiteCountry "USA"]
[BlackCountry "IND"]
[WhiteElo "1756"]
[WhiteRD "49"]
[BlackElo "2141"]
[BlackRD "66"]
[GameID "333735"]

1. d4 Nf6 2. Nf3 d5 3. Bf4 Bf5 4. e3 e6 5. Bd3 Bxd3 6. Qxd3 Bd6 7. Bxd6 Qxd6 8. c3 Nbd7 9. O-O O-O 10. Nbd2 c5
11. Qe2 e5 12. dxe5 Nxe5 13. Nxe5 Qxe5 14. Nf3 Qe7 15. Rfd1 Rfe8 16. h3 Rad8 17. Qb5 Rd7 18. b4 Rc7 19. Qd3 cxb4 20. cxb4 Qxb4
21. Nd4 b6 22. a3 Qc4 23. Nb5 Rc5 24. Qxc4 dxc4 25. Nd6 Re6 26. Rac1 Kf8 27. a4 a6 28. Kf1 Ke7
0-1

[Event "Battle on the 8^2"]
[Site "SchemingMind.com"]
[Date "2013.06.26"]
[Round "-"]
[White "Scooter"]
[Black "erobeno"]
[Result "1-0"]
[WhiteCountry "USA"]
[BlackCountry "TUR"]
[WhiteElo "1756"]
[WhiteRD "49"]
[BlackElo "1977"]
[BlackRD "62"]
[GameID "333736"]

1. d4 Nf6 2. Nf3 e6 3. Bg5 d5 4. e3 Be7 5. Be2 O-O 6. O-O Ne4 7. Bxe7 Qxe7 8. c3 Nc6 9. Nbd2 Nd6 10. h3 Bd7
11. Qc2 e5 12. dxe5 Nxe5 13. Rfd1 Bf5 14. Qc1 Rad8 15. Nxe5 Qxe5 16. Nf3 Qe6 17. Nd4 Qg6 18. Nxf5 Nxf5 19. Bd3 Qe6 20. Qc2 g6
21. Bxf5 Qxf5 22. Qxf5 gxf5 23. Rd4 Rfe8 24. Rad1 c6 25. c4 Re4 26. cxd5 Rxd4 27. Rxd4 Rxd5 28. Rxd5 cxd5 29. Kf1 Kg7 30. Ke2 Kf6
31. h4 Ke5 32. Kd3 f4 33. exf4+ Kxf4 34. Kd4 Kg4 35. Kxd5 f5 36. Ke5 f4 37. f3+ Kg3 38. h5 h6 39. a4 b6 40. b4 a5
41. b5 Kh4 42. Kxf4 Kxh5 43. Kf5 Kh4 44. g4 Kg3 45. f4 Kf3 46. g5 h5 47. g6
1-0

[Event "Battle on the 8^2"]
[Site "SchemingMind.com"]
[Date "2013.06.27"]
[Round "-"]
[White "Derek Price"]
[Black "Scooter"]
[Result "1-0"]
[WhiteCountry "ENG"]
[BlackCountry "USA"]
[WhiteElo "2289"]
[WhiteRD "84"]
[BlackElo "1756"]
[BlackRD "49"]
[GameID "333737"]

1. d4 Nf6 2. c4 g6 3. g3 Bg7 4. Bg2 O-O 5. Nc3 d6 6. Nf3 Nbd7 7. O-O e5 8. e4 c6 9. h3 exd4 10. Nxd4 Ne5
11. b3 d5 12. exd5 cxd5 13. cxd5 Re8 14. Re1 Ned7 15. Rxe8+ Qxe8 16. Be3 Nc5 17. Ncb5 Qe7 18. d6 Qe5 19. Nf3 Qd5 20. Nc7 Qxd1+
21. Rxd1
1-0

[Event "Battle on the 8^2"]
[Site "SchemingMind.com"]
[Date "2013.06.27"]
[Round "-"]
[White "tyler_ensor"]
[Black "Scooter"]
[Result "1-0"]
[WhiteCountry "CAN"]
[BlackCountry "USA"]
[WhiteElo "1985"]
[WhiteRD "79"]
[BlackElo "1729"]
[BlackRD "51"]
[GameID "333738"]

1. b3 e5 2. Bb2 Nc6 3. e3 Bc5 4. Bb5 Nge7 5. d4 exd4 6. exd4 Bb6 7. d5 Ne5 8. Bxe5 O-O 9. Nf3 d6 10. Bb2 Bd7
11. Bxd7 Qxd7 12. O-O Rfe8 13. c4 Ng6 14. Re1
1-0

[Event "Battle on the 8^2"]
[Site "SchemingMind.com"]
[Date "2013.06.27"]
[Round "-"]
[White "rookie31"]
[Black "Scooter"]
[Result "1-0"]
[WhiteCountry "IND"]
[BlackCountry "USA"]
[WhiteElo "2141"]
[WhiteRD "66"]
[BlackElo "1756"]
[BlackRD "49"]
[GameID "333739"]

1. d4 Nf6 2. c4 g6 3. Nc3 Bg7 4. e4 d6 5. Nf3 Bg4 6. Be2 O-O 7. O-O Nbd7 8. h3 Bxf3 9. Bxf3 c6 10. Be3 e5
11. d5 cxd5 12. Nxd5 Nxd5 13. Qxd5 Nc5 14. Rfd1 Ne6 15. Qxb7 Rb8 16. Qxa7 Rxb2 17. Qa3
1-0

[Event "Battle on the 8^2"]
[Site "SchemingMind.com"]
[Date "2013.06.26"]
[Round "-"]
[White "erobeno"]
[Black "Scooter"]
[Result "1-0"]
[WhiteCountry "TUR"]
[BlackCountry "USA"]
[WhiteElo "1977"]
[WhiteRD "62"]
[BlackElo "1756"]
[BlackRD "49"]
[GameID "333740"]

1. c4 Nf6 2. d4 g6 3. Nc3 Bg7 4. g3 O-O 5. Bg2 e6 6. Nf3 d6 7. O-O Nbd7 8. Bf4 b6 9. e4 Bb7 10. Re1 c6
11. Bxd6 Re8 12. e5 Ng4 13. Nh4 Nh6 14. f4 Bf8 15. Bxf8 Kxf8 16. Ne4 Rb8 17. Nd6 Re7 18. a4 Qc7 19. b4 f5 20. Nxb7 Rxb7
21. d5 exd5 22. cxd5 cxd5 23. Qxd5 Nb8 24. Qxb7 Qxb7 25. Bxb7 Rxb7 26. Rac1 Nd7 27. Rc6
1-0

[Event "Battle on the 8^2"]
[Site "SchemingMind.com"]
[Date "2013.06.27"]
[Round "-"]
[White "NYNH"]
[Black "Derek Price"]
[Result "0-1"]
[WhiteCountry "USA"]
[BlackCountry "ENG"]
[WhiteElo "1961"]
[WhiteRD "70"]
[BlackElo "2333"]
[BlackRD "79"]
[GameID "333782"]

1. d4 d5 2. Nf3 Nf6 3. c4 c6 4. cxd5 cxd5 5. Nc3 Nc6 6. Bf4 Bf5 7. Rc1 a6 8. e3 e6 9. Bd3 Bxd3 10. Qxd3 Rc8
11. O-O Be7 12. a3 O-O 13. Na4 Ne4 14. Nc5 Bxc5 15. dxc5 Qe7 16. b4 e5 17. Bg3 Nxg3 18. hxg3 e4 19. Qxd5 Rcd8 20. Qb3 exf3
21. gxf3 Ne5 22. Kg2 Qf6 23. f4 Qc6+ 24. f3 Rd2+ 25. Rf2 Qxf3+
0-1

[Event "Battle on the 8^2"]
[Site "SchemingMind.com"]
[Date "2013.06.28"]
[Round "-"]
[White "NYNH"]
[Black "tyler_ensor"]
[Result "1-0"]
[WhiteCountry "USA"]
[BlackCountry "CAN"]
[WhiteElo "1997"]
[WhiteRD "70"]
[BlackElo "1822"]
[BlackRD "69"]
[GameID "333783"]

1. d4 d5 2. Nf3 Nf6 3. c4 e6 4. g3 dxc4 5. Bg2 Nc6 6. Qa4 Bb4+ 7. Bd2 Nd5 8. Bxb4 Nxb4 9. O-O Rb8 10. Na3 a6
11. Ne5 O-O 12. Nxc6 Nxc6 13. Bxc6 bxc6 14. Nxc4 Qd5 15. Rfd1 Bb7 16. f3 Rfd8 17. e4 Qb5 18. Qc2
1-0

[Event "Battle on the 8^2"]
[Site "SchemingMind.com"]
[Date "2013.06.28"]
[Round "-"]
[White "NYNH"]
[Black "rookie31"]
[Result "0-1"]
[WhiteCountry "USA"]
[BlackCountry "IND"]
[WhiteElo "1961"]
[WhiteRD "70"]
[BlackElo "2090"]
[BlackRD "65"]
[GameID "333784"]

1. d4 Nf6 2. c4 e6 3. g3 d5 4. Nf3 Be7 5. Bg2 c6 6. O-O O-O 7. Qc2 Nbd7 8. Nbd2 b6 9. e4 Bb7 10. e5 Ne8
11. cxd5 cxd5 12. Re1 Rc8 13. Qa4 Nc7 14. Bf1 a5 15. Bd3 Ba6 16. Bb1 Qe8 17. Qb3 f5 18. exf6 Rxf6 19. Ng5 h6 20. Nh3 Bd6
21. Nf1 e5 22. Nf4 Qf7 23. dxe5 Nxe5 24. Kg2 g5 25. Nh3 Nf3 26. Re3 Bc5 27. Rc3 Ne1+ 28. Kg1 Rxf2
0-1

[Event "Battle on the 8^2"]
[Site "SchemingMind.com"]
[Date "2013.06.27"]
[Round "-"]
[White "NYNH"]
[Black "Scooter"]
[Result "1-0"]
[WhiteCountry "USA"]
[BlackCountry "USA"]
[WhiteElo "1984"]
[WhiteRD "68"]
[BlackElo "1756"]
[BlackRD "49"]
[GameID "333785"]

1. d4 Nf6 2. c4 g6 3. g3 Bg7 4. Nc3 O-O 5. Bg2 d6 6. Nf3 Nbd7 7. O-O e5 8. e4 exd4 9. Nxd4 Nc5 10. h3 Re8
11. Re1 Nfd7 12. Nb3 Bxc3 13. bxc3 Nxb3 14. axb3 Ne5 15. Be3 b6 16. f4 Nd7 17. e5 Rb8 18. exd6 cxd6 19. Qxd6 Re6 20. Qd4 Qf6
21. Qxf6 Nxf6 22. Rxa7 Ne4 23. Bxe4 Rxe4 24. g4
1-0

[Event "Battle on the 8^2"]
[Site "SchemingMind.com"]
[Date "2013.06.28"]
[Round "-"]
[White "NYNH"]
[Black "erobeno"]
[Result "0-1"]
[WhiteCountry "USA"]
[BlackCountry "TUR"]
[WhiteElo "1961"]
[WhiteRD "70"]
[BlackElo "2032"]
[BlackRD "60"]
[GameID "333786"]

1. d4 Nf6 2. c4 g6 3. g3 Bg7 4. Bg2 O-O 5. Nc3 c5 6. d5 d6 7. Nf3 Nbd7 8. O-O a6 9. a4 Ng4 10. h3 Nge5
11. Nd2 Nb6 12. Qb3 a5 13. Nb5 Bd7 14. Nc3 f5 15. f4 Nf7 16. e4 Nh6 17. Nf3 fxe4 18. Nxe4 Nf5 19. g4 Nd4 20. Nxd4 Bxd4+
21. Kh1 Qc7 22. Bd2 e6 23. Ng5 exd5 24. cxd5 c4 25. Qg3 Bxb2 26. Rab1 c3 27. Be3 Nc4 28. Ne6 Bxe6 29. dxe6 c2 30. Rxb2 Nxb2
31. f5 Nd1 32. Bc1 Qe7 33. Bh6 Rac8 34. Bc1 Nc3 35. Qd3 Na2 36. Bd5 Nb4 37. Qd4 Nxd5 38. Qxd5 b6 39. Bb2 Rc5 40. Qd3 b5
41. Qe3 bxa4 42. f6 Rxf6 43. Bxf6 Qxf6 44. Rxf6 c1=Q+ 45. Qxc1 Rxc1+ 46. Kg2 Re1 47. Rf4 a3 48. Ra4 Ra1 49. Rxa5 Kf8 50. Ra7 a2
51. h4 h5 52. g5 Ke8 53. Kh2 d5 54. Kg2 d4 55. Kh2 d3
0-1

[Event "Battle on the 8^2"]
[Site "SchemingMind.com"]
[Date "2013.06.28"]
[Round "-"]
[White "Derek Price"]
[Black "NYNH"]
[Result "1-0"]
[WhiteCountry "ENG"]
[BlackCountry "USA"]
[WhiteElo "2333"]
[WhiteRD "79"]
[BlackElo "1961"]
[BlackRD "70"]
[GameID "333787"]

1. d4 Nf6 2. c4 e6 3. g3 Bb4+ 4. Bd2 Qe7 5. Bg2 O-O 6. Nf3 Nc6 7. O-O Bxd2 8. Qxd2 d6 9. Nc3 e5 10. d5 Nb8
11. e4 a5 12. b3 Na6 13. a3 Nc5 14. Qc2 a4 15. b4 Nb3 16. Ra2 Bg4 17. Qd3 Bxf3 18. Bxf3 Nd4 19. Nb5 Nxb5 20. cxb5 Rfc8
21. Rc1 Qd7 22. Rac2 Kf8 23. Rc3 g6 24. Bg2 Ne8 25. h4 Ke7 26. Kh2 f5 27. Bh3 Ng7 28. h5 gxh5 29. exf5 Kf6 30. Qd2 Nxf5
31. Rf3
1-0

[Event "Battle on the 8^2"]
[Site "SchemingMind.com"]
[Date "2013.06.28"]
[Round "-"]
[White "tyler_ensor"]
[Black "NYNH"]
[Result "0-1"]
[WhiteCountry "CAN"]
[BlackCountry "USA"]
[WhiteElo "1822"]
[WhiteRD "69"]
[BlackElo "1997"]
[BlackRD "70"]
[GameID "333788"]

1. d4 Nf6 2. c4 e6 3. Nc3 Bb4 4. e3 O-O 5. Bd3 c5 6. Nf3 d5 7. O-O Nc6 8. a3 Bxc3 9. bxc3 Qc7 10. cxd5 exd5
11. a4 Re8 12. Ba3 c4 13. Bb1 Ne4 14. Qc2 Qa5 15. Rc1 Bf5 16. Qb2 Qc7
0-1

[Event "Battle on the 8^2"]
[Site "SchemingMind.com"]
[Date "2013.06.28"]
[Round "-"]
[White "rookie31"]
[Black "NYNH"]
[Result "1-0"]
[WhiteCountry "IND"]
[BlackCountry "USA"]
[WhiteElo "2141"]
[WhiteRD "66"]
[BlackElo "1984"]
[BlackRD "68"]
[GameID "333789"]

1. d4 Nf6 2. c4 e6 3. Nf3 Bb4+ 4. Bd2 Qe7 5. Nc3 O-O 6. e3 b6 7. Bd3 Bb7 8. O-O d6 9. Qe2 Nbd7 10. e4 e5
11. d5 a5 12. Nh4 g6 13. Nf3 Kg7 14. a3 Bxc3 15. Bxc3 a4 16. Bc2 Nc5 17. Rad1 h6 18. Nd2 Kh7 19. f4 exf4 20. Rxf4 Nfd7
21. Rdf1 Ne5 22. Nf3 Ncd7 23. Nxe5 Nxe5 24. Rf6 Ba6 25. Bxe5 dxe5 26. Bxa4 Bc8 27. Bc6 Rb8 28. Qe1 Bf5 29. Qh4 Bd7 30. d6 cxd6
31. Bd5 Be6 32. Bxe6 fxe6 33. Rxf8 g5 34. R8f7+ Kg6 35. Qf2
1-0

[Event "Battle on the 8^2"]
[Site "SchemingMind.com"]
[Date "2013.06.27"]
[Round "-"]
[White "Scooter"]
[Black "NYNH"]
[Result "0-1"]
[WhiteCountry "USA"]
[BlackCountry "USA"]
[WhiteElo "1756"]
[WhiteRD "49"]
[BlackElo "1984"]
[BlackRD "68"]
[GameID "333790"]

1. d4 Nf6 2. Nf3 e6 3. Bg5 c5 4. c3 Nc6 5. e3 Be7 6. Bd3 h6 7. Bh4 O-O 8. O-O b6 9. Nbd2 Bb7 10. Bxf6 Bxf6
11. Rb1 Rc8 12. Re1 Be7 13. Qe2 cxd4 14. cxd4 Nb4 15. a3 Nxd3 16. Qxd3 d6 17. b4 Qd7 18. Rec1 Rxc1+ 19. Rxc1 Rc8 20. Rxc8+ Qxc8
21. h3 Ba6 22. Qb3 Qc1+ 23. Kh2 Bb5 24. a4 Bc6 25. b5 Bb7 26. Qc4 Qxc4 27. Nxc4 f5 28. Nfd2 Kf7 29. a5 bxa5 30. Nxa5 Bd5
31. Nc6 Bxc6 32. bxc6 Bd8 33. Nc4 Ke7 34. f3 d5 35. Na3 a6 36. Nc2 Kd6 37. Nb4 a5 38. Na6 Kxc6 39. Nc5 e5 40. Na4 Kb5
0-1

[Event "Battle on the 8^2"]
[Site "SchemingMind.com"]
[Date "2013.06.28"]
[Round "-"]
[White "erobeno"]
[Black "NYNH"]
[Result "1-0"]
[WhiteCountry "TUR"]
[BlackCountry "USA"]
[WhiteElo "1977"]
[WhiteRD "62"]
[BlackElo "1984"]
[BlackRD "68"]
[GameID "333791"]

1. e4 c5 2. Nf3 d6 3. d4 cxd4 4. Qxd4 Nc6 5. Bb5 Bd7 6. Qd3 Nf6 7. Nc3 g6 8. O-O Bg7 9. a3 O-O 10. h3 a6
11. Bc4 b5 12. Bd5 Nxd5 13. Nxd5 Rc8 14. c3 Na5 15. Bg5 f6 16. Be3 Nc4 17. b3 Nxe3 18. Qxe3 e6 19. Nb6 Rc6 20. Nxd7 Qxd7
21. Nd4 Rc7 22. a4 Rfc8 23. Rfc1 e5 24. Ne2 d5 25. Rd1 bxa4 26. Rxd5 Qc6 27. Rxa4 f5 28. Rc4 Qb7 29. Rxc7 Rxc7 30. Rd8+ Kf7
31. exf5 gxf5 32. Qg5 Qxb3 33. Qxf5+ Ke7 34. Rd3 a5 35. c4 Qb4 36. Nc3 Qxc4 37. Nd5+ Ke8 38. Qe6+ Kf8 39. Rf3+
1-0

[Event "Battle on the 8^2"]
[Site "SchemingMind.com"]
[Date "2013.06.29"]
[Round "-"]
[White "michel"]
[Black "Derek Price"]
[Result "0-1"]
[WhiteCountry "CAN"]
[BlackCountry "ENG"]
[WhiteElo "2038"]
[WhiteRD "61"]
[BlackElo "2333"]
[BlackRD "79"]
[GameID "333830"]

1. e4 c5 2. Nf3 d6 3. Bb5+ Nd7 4. d4 Nf6 5. Nc3 cxd4 6. Qxd4 e5 7. Qd3 h6 8. Be3 Be7 9. Bc4 a6 10. a4 Qc7
11. O-O Nc5 12. Bxc5 Qxc5 13. Nd2 O-O 14. Nd5 Nxd5 15. Bxd5 Rb8 16. a5 Be6 17. Nb3 Qc7 18. c4 Bg5 19. Rfd1 Bxd5 20. Qxd5 Rfc8
21. Ra4 b5 22. axb6 Rxb6 23. Rd3 Rcb8 24. Ra3 Rb4 25. Rc3 a5 26. Nxa5 Rxb2 27. g3 Rd2 28. Rd3 Rbb2 29. Rxd2 Rxd2 30. Qc6 Qa7
31. Qc8+ Kh7 32. Qf5+ g6 33. Qf3 Kg7 34. Kg2 Qb6 35. h4 Bd8 36. c5 Qb5 37. Nb3 Rd3
0-1

[Event "Battle on the 8^2"]
[Site "SchemingMind.com"]
[Date "2013.06.29"]
[Round "-"]
[White "michel"]
[Black "tyler_ensor"]
[Result "1-0"]
[WhiteCountry "CAN"]
[BlackCountry "CAN"]
[WhiteElo "2070"]
[WhiteRD "61"]
[BlackElo "1822"]
[BlackRD "69"]
[GameID "333831"]

1. e4 c5 2. Nf3 d6 3. Bb5+ Nc6 4. O-O Bd7 5. Re1 Nf6 6. c3 a6 7. Ba4 b5 8. Bc2 Bg4 9. a4 Rb8 10. axb5 axb5
11. d4 cxd4 12. cxd4 Bxf3 13. gxf3 g6 14. Nc3 Bg7 15. Nxb5 Qb6 16. Bd3 Nxd4 17. Be3 Nd7 18. Bc4
1-0